Ancient Jordan from the air /
المؤلف الرئيسي:
مؤلفون آخرون:
التنسيق: كتاب
اللغة: English
منشور في:
London : Oxford :
Council for British Research in the Levant ; Oxbow Books [distributor],
2004.
الموضوعات:
الوسوم: إضافة وسم
رقم الطلب: DS153.3 .K43 2004
| LEADER | 01306namaa2200277 4500 | ||
|---|---|---|---|
| 001 | 12924 | ||
| 003 | OSt | ||
| 005 | 20250508114411.0 | ||
| 008 | 130303s2004 enkab b 001 0 eng d | ||
| 010 | |a 2005391031 | ||
| 020 | |a 0953910229 | ||
| 040 | |c ARCE Library | ||
| 043 | |a a-jo--- | ||
| 050 | 4 | |a DS153.3 .K43 2004 | |
| 100 | 1 | |a Kennedy, D. L., |d 1948- |e author | |
| 245 | 1 | 0 | |a Ancient Jordan from the air / |c David Kennedy and Robert Bewley. |
| 264 | 1 | |a London : |b Council for British Research in the Levant ; |a Oxford : |b Oxbow Books [distributor], |c 2004. | |
| 300 | |a 282 pages : |b color illustrations, maps ; |c 31 cm. | ||
| 504 | |a Includes bibliographical references and index. | ||
| 505 | 0 | |a 1. Introduction -- 2. The Land and its People -- 3. History -- 4. Seeing from the Air -- 5. Prehistory: Hunter-Gatherers to Farmers -- 6. The Bronze Age -- 7. Into History: Ammonites, Moabites and Edomites -- 8. The Nabataeans -- 9. Greeks and Romans -- 10. The Roman Army -- 11. Christian Roman Jordan -- 12. Early Islamic Jordan -- 13. Crusaders, Saracens and Mamluks -- 14. The Ottoman and British Empires. | |
| 650 | 0 | |a Aerial photography in archaeology |z Jordan. | |
| 651 | 0 | |a Jordan |x Antiquities. | |
| 700 | 1 | |a Bewley, Robert. |9 26736 | |
| 901 | |a reviewed | ||
| 942 | |c BK |2 lcc | ||
| 999 | |c 11487 |d 11487 | ||
